00289nam a22001097a 4500003000400000005001700004008004100021100001500062245006300077260002800140300001100168OSt20260203131607.0260203b |||||||| |||| 00| 0 eng d aIyer, Ravi aInventi Impact : Cancer Nursing (January to December 2024) aBhopalbInventi Journal a186 P.